00529nam a2200157Ia 4500008004000000082001700040100001800057245003200075260003800107300000800145650002700153690002900180906001000209999001700219952013500236210210b1982 xxu||||| |||| 00| 0 eng d a796.355 SINH aSINGH (Gian). aHockey book rules and quiz. aDelhi.bOrient Paperbacks.,c1982 a175 aHockey Rules, Quiz  aAthletic & Outdoor Sport a03573 c86491d86491 001040708Games & SportsaALbALcGames & Sportsd2021-02-17g0.00l0o796.355 SINHp035731r2021-02-17 00:00:00w2021-02-17yBK